Online
Catalog

Hacia una reestructuración dirigida de la economía dominicana / (Record no. 3058)

MARC details
000 -CABECERA
campo de control de longitud fija 01186nam a2200325 a 4500
001 - NÚMERO DE CONTROL
campo de control 000003227
003 - IDENTIFICADOR DEL NÚMERO DE CONTROL
campo de control DO-SdBNP
005 - FECHA Y HORA DE LA ÚLTIMA TRANSACCIÓN
campo de control 20210415104657.0
008 - DATOS DE LONGITUD FIJA--INFORMACIÓN GENERAL
campo de control de longitud fija 090707s1986 dr ad 001 0 spa d
040 ## - FUENTE DE LA CATALOGACIÓN
Centro catalogador/agencia de origen DO-SdBNP
Lengua de catalogación spa
Centro/agencia transcriptor BPHU
082 ## - NÚMERO DE LA CLASIFICACIÓN DECIMAL DEWEY
Número de clasificación 338.97293
Número de documento/Ítem H117r
245 00 - MENCIÓN DE TÍTULO
Título Hacia una reestructuración dirigida de la economía dominicana /
Mención de responsabilidad, etc. Miguel Ceara Hatton ... [et al.].
260 ## - PUBLICACIÓN, DISTRIBUCIÓN, ETC.
Lugar de publicación, distribución, etc. Santo Domingo :
Nombre del editor, distribuidor, etc. Fundación Friedrich :
-- Grupo de Investigación Económica,
Fecha de publicación, distribución, etc. 1986.
300 ## - DESCRIPCIÓN FÍSICA
Extensión 355 p. :
Otras características físicas il. ; graf. ;
Dimensiones 23 cm.
500 ## - NOTA GENERAL
Nota general Incluye índice de cuadros.
500 ## - NOTA GENERAL
Nota general Incluye índice general.
504 ## - NOTA DE BIBLIOGRAFÍA, ETC.
Nota de bibliografía, etc. Bibliografía : p. 327-339
590 ## - NOTA LOCAL (RLIN)
Nota local Inventariado, 2018/BT
651 #4 - PUNTO DE ACCESO ADICIONAL DE MATERIA--NOMBRE GEOGRÁFICO
Nombre geográfico República Dominicana
Subdivisión general Condiciones Económicas
9 (RLIN) 281
651 #4 - PUNTO DE ACCESO ADICIONAL DE MATERIA--NOMBRE GEOGRÁFICO
Nombre geográfico República Dominicana
Subdivisión general Política Económica
9 (RLIN) 643
700 12 - PUNTO DE ACCESO ADICIONAL--NOMBRE DE PERSONA
Nombre de persona Ceara Hatton
9 (RLIN) 10172
700 12 - PUNTO DE ACCESO ADICIONAL--NOMBRE DE PERSONA
Nombre de persona Caraballo, Elsa
9 (RLIN) 10173
700 12 - PUNTO DE ACCESO ADICIONAL--NOMBRE DE PERSONA
Nombre de persona Espinal, Juan José
9 (RLIN) 10174
700 12 - PUNTO DE ACCESO ADICIONAL--NOMBRE DE PERSONA
Nombre de persona Jesús García, Manuel de
9 (RLIN) 10175
700 12 - PUNTO DE ACCESO ADICIONAL--NOMBRE DE PERSONA
Nombre de persona Veloz, Apolinar
9 (RLIN) 7038
700 12 - PUNTO DE ACCESO ADICIONAL--NOMBRE DE PERSONA
Nombre de persona Brea, José Ramón
9 (RLIN) 10176
710 22 - PUNTO DE ACCESO ADICIONAL--NOMBRE DE ENTIDAD CORPORATIVA
Nombre de entidad corporativa o nombre de jurisdicción como elemento de entrada Grupo de Investigación Económica (República Dominicana)
9 (RLIN) 10177
910 ## - DATOS DE OPCIÓN DEL USUARIO (OCLC)
Datos de opción del usuario B/T
942 ## - ELEMENTOS DE PUNTO DE ACCESO ADICIONAL (KOHA)
Fuente del sistema de clasificación o colocación Dewey Decimal Classification
Tipo de ítem Koha Libro
Holdings
Estado de retiro Estado de pérdida Fuente del sistema de clasificación o colocación Restricciones de uso No para préstamo Código de colección Localización permanente Ubicación/localización actual Ubicación en estantería Fecha de adquisición Fuente de adquisición Total de préstamos Signatura topográfica completa Código de barras Fecha visto por última vez Número de copia Precio válido a partir de Tipo de ítem Koha Nota pública Número de inventario
    Dewey Decimal Classification Excluido de préstamo Excluido de préstamo Dominicana de Servicio Biblioteca Nacional Pedro Henríquez Ureña General Depósito 12.08.2013 Flia. Reyes Duluc   BNPHU DS 338.97293 H117r 3227-50 25.06.2020 e. 5 25.06.2020 Libro y Folleto Colección Dominicana de Servicio Donación Familia Reyes Duluc  
          Dominicana de Servicio General General Depósito 07.06.2018     338.97293 H117r 3227-30 25.06.2020 e. 3 25.06.2020 Libro y Folleto Colección Dominicana de Servicio   LF1
          Dominicana de Servicio General General Depósito 31.05.2019     338.97293 H117r 3227-40 25.06.2020 e. 4 25.06.2020 Libro y Folleto Colección Dominicana de Servicio   LF1
        Excluido de préstamo Patrimonio Dominicano Patrimonio Dominicano Patrimonio Dominicano Depósito 07.07.2009     338.97293 H117r 3227-10 25.06.2020   25.06.2020 Libro y Folleto Colección Patrimonio Dominicano   LF1
        Excluido de préstamo Patrimonio Dominicano Patrimonio Dominicano Patrimonio Dominicano Depósito 06.06.2013     338.97293 H117r 3227-20 25.06.2020 e. 2 25.06.2020 Libro y Folleto Colección Patrimonio Dominicano   LF1

Powered by Koha